000 00309nam a22001337a 4500
008 170622b xxu||||| |||| 00| 0 eng d
020 _a9780807046333
041 _aeng
080 _a32
100 _a21
101 _aSHP
245 _aTHE POLITICS AND EROTICS OF CULTURE
_cORTNER.SH.B
942 _2udc
_cBK
999 _c18672
_d18672